| 000 | 00641nam a22001577a 4500 | ||
|---|---|---|---|
| 003 | ASAB | ||
| 005 | 20180827062832.0 | ||
| 008 | 180509t xxu||||| |||| 00| 0 eng d | ||
| 040 | _cASAB | ||
| 100 |
_aMustafeez Mujtaba Babar-sup-Dr. Najam-us-sahar Sadaf Zaidi _93827 |
||
| 245 |
_aTH-MS-Cloning and Sequence Analysis Influenza Virus H9N2 Haemagglutinin Gene and Evaluation of Comparative Pathogenicity of the Virus on Various Cell Lines _cMustafeez Mujtaba Babar-sup-Dr. Najam-us-sahar Sadaf Zaidi |
||
| 260 |
_aIslamabad _bASAB (NCVI) _c2011 |
||
| 300 |
_axv, 114 P _b30 cm |
||
| 630 |
_aVirology and Immunology _93828 |
||
| 942 |
_2ddc _cTH |
||
| 999 |
_c480814 _d480814 |
||